¿Qué ciudad en República Dominicana? - Estadísticas

Estadísticas generales
  • Esta prueba ha sido intentada 40 veces
  • La puntuación promedio es 6 de 15
Estadísticas de respuestas
Pista Inicial Ciudad % Correcto
Es la capital S Santo Domingo
100%
Es un destino turístico con grandes hoteles P Punta Cana
91%
Tiene el gentilicio de Roma L La Romana
63%
Tiene el carnaval más importante y emblemático del país L La Vega
57%
Tiene la Basílica Catedral Nuestra Señora de Altagracia H Higüey
51%
Es la capital de la provincia de Peravia B Baní
43%
Tiene el cable submarino que conecta República Dominicana con el resto del mundo P Puerto Plata
37%
Es la capital de la provincia de Espaillat M Moca
31%
Tiene la mina de oro de Pueblo Viejo C Cotuí
26%
Es la segunda ciudad más antigua del país, detrás de Santo Domingo A Azua
23%
Se hizo la emisora de radio más antigua B Bonao
23%
El señor del cielo S San Pedro de Macorís
23%
Tiene el Puerto de Haina, uno de los más importantes del país B Bajos de Haina
11%
Está el Rio Jaya S San Francisco de Macorís
9%
Tiene el Catedral Santiago Apóstol S Santiago de Caballeros
3%
No se encontraron pruebas coincidentes
Distribución de puntuación
Porcentaje de gente con cada puntuación
Porcentaje por número respondido
Historial de tus puntuaciones
No has intentado esta prueba.